[Event "EU-chT (Men) 21st"]
[Site "Heraklion"]
[Date "2017.11.03"]
[Round "6.4"]
[White "Malikentzos, Sotirios"]
[Black "Kurmann, Oliver"]
[Result "1/2-1/2"]
[WhiteElo "2434"]
[BlackElo "2481"]
[PlyCount "63"]
[EventDate "2017.10.28"]
[EventType "team-swiss"]
[EventRounds "9"]
[EventCountry "GRE"]
[SourceTitle "CBM 182"]
[Source "ChessBase"]
[SourceDate "2018.01.17"]
[SourceVersion "1"]
[SourceVersionDate "2018.01.17"]
[SourceQuality "1"]
[WhiteTeam "Greece II"]
[BlackTeam "Switzerland"]
[WhiteTeamCountry "GRE"]
[BlackTeamCountry "SUI"]

1. Nf3 Nf6 2. c4 c5 3. Nc3 e6 4. g3 b6 5. Bg2 Bb7 6. 0-0 a6 7. d4 cxd4 8. Qxd4 d6 9. Rd1 Be7 10. Be3 Nbd7 11. Qd2 0-0 12. Bf4 Ne8 13. Rac1 h6 14. b3 Qc7 15. g4 Ndf6 16. g5 hxg5 17. Bxg5 g6 18. Qd4 Kg7 19. Na4 Rb8 20. Be3 Bc6 21. Nc3 Qb7 22. b4 b5 23. cxb5 axb5 24. Qa7 Qxa7 25. Bxa7 Ra8 26. Bb6 Rb8 27. Ba5 e5 28. Ne1 Bxg2 29. Nxg2 Rh8 30. Ne3 Rh4 31. Ncd5 Nxd5 32. Nxd5 1/2-1/2